مكتبة جامعة عجلون الوطنية

فهرس بحث المكتبة

Normal view MARC view
  • صنعه السكري، أبي سعيد بن الحسن بن الحسين بن عبيد الله

Entry Personal Name

Number of records used in: 1

001 - CONTROL NUMBER

  • control field: 46054

003 - CONTROL NUMBER IDENTIFIER

  • control field: JO-AjAnu

005 - DATE AND TIME OF LATEST TRANSACTION

  • control field: 20230606081620.0

008 - FIXED-LENGTH DATA ELEMENTS

  • fixed length control field: 230606|| aca||aabn | a|a d

040 ## - CATALOGING SOURCE

  • Original cataloging agency: JO-AjAnu
  • Transcribing agency: JO-AjAnu

100 ## - HEADING--PERSONAL NAME

  • Personal name: صنعه السكري، أبي سعيد بن الحسن بن الحسين بن عبيد الله

670 ## - SOURCE DATA FOUND

  • Source citation: Work cat.: (JO-AjAnu)23576: صنعه السكري، أبي سعيد بن الحسن بن الحسين بن عبيد الله, author, شرح ديوان كعب بن زهير